000 01502nam a2200241Ia 4500
003 Ost
005 20260507075546.0
008 260507s9999||||xx |||||||||||||| ||und||
020 _a9774280237
040 _cfsecg
041 _aara
082 _a658.0072
100 _aالصيرفي، محمد عبد الفتاح
_eمؤلف
245 0 _aبحوث إدارية محكمة :
_bسياسات الائتمان و التحصيل بمنظمات الأعمال ..................... /
_c محمد عبد الفتاح الصيرفي
260 _aالاسكندرية:
_bدار الوفاء لدينا للطباعة والنشر,
_c2007
300 _a376 صفحة؛
_bإيضاحات ؛
_c24 سم
504 _aبيبليوغرافيا: ص ص.176-178
520 _aيضم سياسة الإئتمان والتحصيل بمنظمات الأعمال نموذج كمي مقترح، استخدام نموذج برمجة الأهداف في التخطيط الداخلي للمستشفيات الخاصة، استخدام نموذج برمجية الأهداف في تحقيق التوازن بين الأهداف المتعددة، دراسة تطبيقية على شركة مصر إيران للغزل والنسيج، تشغيل برنامج الحاسب الآلي، إستخدام البرمجة الديناميكية في ترشيد قرارات الإحلال
653 _aإدارة الأعمال
653 _aالإئتمان
653 _aالبحوث إلإدارية
942 _cكتاب
999 _c44890
_d44890